000 00867nam a2200217 4500
001 9153
090 _a9153
099 _tLIVR
100 _a20251023d u||y0frey5050 ba
101 _afre
102 _aDZ
200 _bLIVR
_aRetrouvailles
_eDinet à Bou Saâda 2006
_fA. Merakza Hioun
_fMinistère de la Culture
_fMusée National Nasr-Eddine Dinet
210 _aBou Saâda, Algérie
_cSonatrach [Imp. Elite]
_d2006
215 _an.p.
_cCouv.IIl.Coul.
_d27 x 23
600 _aDinet
_bNasr-Eddine
_xPeintre algérien
_xLithographe algérien
_z[1861 ... 1929]
_924438
600 _aDinet
_bÉtienne
_x Peintre français
_x Lithographe français
_z[1861 ... 1929]
_924439
607 _aAlgérie
_xOrientalisme
_ySahara
_924440
700 _4040
_aDinet
_bNasr-Eddine
_924441
701 _4273
_aHioun
_bA. Merakza
_924442
801 _aTN
_b32BIS
_c20251023
_gUNIMARC
830 _aABA